| 000 | 00404cam a2200157ua 4500 | ||
|---|---|---|---|
| 041 |
_aeng _h |
||
| 082 |
_a659.2 _bLLO/TE |
||
| 100 | _aL Coyd, Herbert . | ||
| 245 |
_aTeach yourself Public relations / _cHerbert L Coyd. _hTextual Documents |
||
| 250 |
_a1 / _b. |
||
| 260 |
_aLondon : _bThe English universities press , _c1963. |
||
| 300 | _a177 ; . | ||
| 504 | _a | ||
| 942 | _cBK | ||
| 999 |
_c762 _d762 |
||